书目信息 |
| 题名: |
遗传学
|
|
| 作者: | 王亚馥 , 戴灼华 主编 | |
| 分册: | ||
| 出版信息: | 北京 高等教育出版社 1999.06 |
|
| 页数: | 596页 | |
| 开本: | 26cm | |
| 丛书名: | ||
| 单 册: | ||
| 中图分类: | Q3-43 | |
| 科图分类: | ||
| 主题词: | 遗传学 | |
| 电子资源: | ||
| ISBN: | 7-04-007261-0 | |
| 000 | 00587nam0 2200205 45 | |
| 001 | 0261134676 | |
| 005 | 2002061016585361 | |
| 010 | @a7-04-007261-0@dRMB 29.60 | |
| 100 | @a20020610d1999 km y0chiy0120 ea | |
| 101 | 0 | @achi |
| 102 | @aCN@b110000 | |
| 200 | 1 | @a遗传学@AYi Chuan Xue@f王亚馥,戴灼华主编@Fwang ya fu,dai zhuo hua zhu bian |
| 210 | @a北京@c高等教育出版社@d1999.06 | |
| 215 | @a596页@d26cm | |
| 606 | 0 | @a遗传学 |
| 690 | @aQ3-43@v3 | |
| 701 | 0 | @a王亚馥@Awang ya fu@4主编 |
| 701 | 0 | @a戴灼华@Adai zhuo hua@4主编 |
| 801 | 0 | @aCN@bPFT@c20020610 |
| 905 | @a安徽大学@dQ3-43@eW410 | |
| 遗传学/王亚馥,戴灼华主编.-北京:高等教育出版社,1999.06 |
| 596页;26cm |
| ISBN 7-04-007261-0:RMB 29.60 |
| ● |
| 相关链接 |
|
|
|
正题名:遗传学
索取号:Q3-43/W410
 
预约/预借
| 序号 | 登录号 | 条形码 | 馆藏地/架位号 | 状态 | 备注 |
| 1 | 363688 | 203636887 | 自科库401/ [索取号:Q3-43/W410] | 在馆 | |
| 2 | 363689 | 203636896 | 自科库401/ [索取号:Q3-43/W410] | 在馆 | |
| 3 | 363690 | 203636903 | 自科库401/401自科库 27排2列2层/ [索取号:Q3-43/W410] | 在馆 |